Регионална библиотека "Любен Каравелов" - Русе

Рекорди в техниката (Запис номер 159583)

MARC детайли
000 -Лидер
Контролно поле с фиксирана дължина 01194nam a2200325 c 4500
003 - Код на организацията, давaща контролен номер
Контролно поле BLK
005 - Дата и час на последна редакция
Контролно поле 20180422113645.0
008 - Елементи от данни с фиксирана дължина
fixed length control field 180410b bul|||||r ||||||| ||bul||
010 ## - Наследен системен номер
LC control number KNG00166755000
040 ## - Източник на каталожния запис
Идентификатор на билиотеката - собственик на записа BLK
041 ## - Код за език
Код за езика на текст/звукозапис или на отделно заглавие Български
Код за езика КДБФ Български
080 ## - УДК
Текстов определител УДК Техника. Технически науки
УДК код - определител по УДК 62
УДК определител
УДК - код + определител 62
100 1# - Редна дума - Автор
Автор Гилде, Вернер
Авторска отговорност първи автор
R(LIN) 54058
139 ## - Редно поле
Редна дума Гилде, Вернер
Авторски знак Гик - Г 47
245 10 - Сведения за заглавието
Заглавие Рекорди в техниката
Подзаглавни данни [Научнопопул. четиво]
Редно поле (дума) Вернер Гилде; прев. от нем. Георги Попов.
257 ## - Страна на издаване
Страна на създаване/издаване Германия
260 ## - Област на издателските данни
-- София
Име на издателя, разпространителя и проч. Техника
Година на издаване 1988
300 ## - Физическа характеристика
Страници 199 с.
Илюстрации и др. с диагр., к., ил.
Размери/Мащаб 17 см
380 ## - Жанр
Жанр Техника
500 ## - Общи забележки
Забележка Ориг. загл. Uber Rekorde in der Technik / Werner Gilde. - Предм. показалец.
650 #4 - Допълнително описание по предмет – тема
Основно описание – тема или топоним Техника
9 (RLIN) 173585
653 ## - Ключова дума – ненормативна
Ключова дума рекорди
653 ## - Ключова дума – ненормативна
Ключова дума техника
700 1# - Други автори (авторска отговорност)
Лично име Попов, Георги
Автороска отговорност (Описва отношението между автора и произведението) прев. от нем.
9 (RLIN) 366593
852 ## - Местоположение
Форматна сигнатура Цб І 24172
856 4# - Електронен адрес и достъп
Електронен формат pdf - файл
Път до файла /url/
856 4# - Електронен адрес и достъп
Електронен формат pdf - файл
Път до файла /url/
942 ## - АРТИКУЛИ
Вид на библиотечния материал Книги
Скрит в OPAC Не
944 ## - СЪЗДАВАНЕ И РЕДАКЦИЯ на ЗАПИСА
Създаване/Редакция Създаване
Дата на регистрацията/редакция 27.09.2016
Служител, извършил регистрацията/редакцията Ирена_Линкова
944 ## - СЪЗДАВАНЕ И РЕДАКЦИЯ на ЗАПИСА
Създаване/Редакция Редакция
Дата на регистрацията/редакция 27.09.2016
Служител, извършил регистрацията/редакцията Ирена_Линкова
999 ## - СИСТЕМНИ КОНТРОЛНИ НОМЕРА
Koha biblionumber 159583
Koha biblioitemnumber 159583
Наличности
Код за отписване Код за изгубен артикул Източник на класификационната схема Код за повреда Коз за рестрикции Код за отдаване Артикулен № Име на библиотеката - собственик Име на библиотеката, в която се намира в момента Статус (Текущо местоположение) Дата на вписване в системата Местоположение - отдел Цена в лева Инвентарен номер Систематично азбучна сигнатура Баркод Номер на екземпляра Цена в евро Служебна бележка Служебен тип на артикула
  Не е изгубен Universal Decimal Classification Не е повреден само за читалня ползва се в читалня 266669 Регионална библиотека "Любен Каравелов" Русе Регионална библиотека "Любен Каравелов" Русе Хранилище 1988-01-01 Хранилище 1.35 511863 Цб І 24172 120000511863 1 0.69 Дост: Dp Вид: Д N: сф Дата: 01.01.1988 Книги
Изтеглен Не е изгубен Universal Decimal Classification Не е повреден без рестрикции заемане за дома 266670 Регионална библиотека "Любен Каравелов" Русе Регионална библиотека "Любен Каравелов" Русе Заемна - подръчен фонд 1988-01-01 Заемна - подръчен фонд 1.35 513270 П 62/Г 47 513270 2 0.69 Дост: Pk Вид: Ф N: сф Дата: 01.01.1988 Книги
Изтеглен Не е изгубен Universal Decimal Classification Не е повреден без рестрикции заемане за дома 266671 Регионална библиотека "Любен Каравелов" Русе Регионална библиотека "Любен Каравелов" Русе Заемна - подръчен фонд 1988-01-01 Заемна - подръчен фонд 1.35 641921 П 62/Г 47 641921 3 0.69 Дост: Pk Вид: Ф N: сф Дата: 01.01.1988 Книги
Изтеглен Не е изгубен Universal Decimal Classification Не е повреден без рестрикции заемане за дома 266672 Регионална библиотека "Любен Каравелов" Русе Регионална библиотека "Любен Каравелов" Русе Детски отдел 1988-01-01 Детски отдел 1.35 512427 ДН 62/Г 47 512427 4 0.69 Дост: Pk Вид: Ф N: сф Дата: 01.01.1988 Книги
Vip Innovations Ltd, Rousse, Bulgaria 2025